000 00855nam a2200229Ia 4500
001 b4834-31671
003 IT-MiCISF
005 20230301144612.0
008 161014s9999||||xx |||||||||||||| ||und||
040 _aIT-MiCISF
_cIT-MiCISF
041 _ait
100 _aNunziante Cesaro Adele (a cura di)
_959474
245 0 _aIl bambino che viene dal freddo.
_bRiflessioni bioetiche sulla fecondazione artificiale
260 _a Milano,
_bFranco Angeli,
_c2000
300 _app. 223
500 _abioetica, procreazione-artificiale, genetica, donna, sterilità, consulenza, legislazione
650 _aBioetica
_e011
_956169
654 _asaggio
700 _aNunziante Cesaro A., Guida M., Persico G., Liguori G., Papa R., Ciambelli M., Zurlo M.C., D'Agostino M., Elefante R.M., Attanasio O., D'Antuono E.
_959475
942 _cBK
_2ddc
999 _c212382
_d212382
999 _bsi